| 000 | 00473cam a2200181ua 4500 | ||
|---|---|---|---|
| 020 | _c11.00 | ||
| 041 |
_aeng _h |
||
| 082 |
_a574.015195 _bDAN/BI |
||
| 100 | _aDaniel, Wayre.W . | ||
| 245 |
_aBiostatistics: Afoundation for analysis in the health science / _cW.Wayre Daniel. _hTextual Documents |
||
| 250 |
_a4 / _b. |
||
| 260 |
_a : _bJohn Wiley & Sons , _c1987. |
||
| 300 | _a734 ; . | ||
| 365 | _a11.00 | ||
| 504 | _a | ||
| 942 | _cBK | ||
| 999 |
_c1943 _d1943 |
||